Представление документа в формате MARC21

ПолеНазваниеЗначение
  Тип записи a
  Библиографический уровень m
001 Контрольный номер RU\infra-m\znanium\bibl\2220967
005 Дата корректировки 20260429142226.8
008 Кодируемые данные 251205s2025 RU g rus u
020 Индекс ISBN __
a ISBN 978-5-16-015098-7
020 Индекс ISBN __
a ISBN 978-5-16-107603-3 (электр. издание)
040 Источник каталогиз. __
a Служба первич. каталог. Общество с ограниченной ответственностью «ЗНАНИУМ»
041 Код языка издания __
a Код языка текста rus
044 Код страны публикации __
a Код страны публикации RU
080 Индекс УДК __
a Индекс УДК 657(075.32)
084 Индекс другой классификации/Индекс ББК __
2 Источник индекса rubbk
a Индекс другой классификации/Индекс ББК 65.052я723
084 Индекс другой классификации/Индекс ББК __
2 Источник индекса okso
a Индекс другой классификации/Индекс ББК 11.01.01
084 Индекс другой классификации/Индекс ББК __
2 Источник индекса okso
a Индекс другой классификации/Индекс ББК 11.02.12
084 Индекс другой классификации/Индекс ББК __
2 Источник индекса okso
a Индекс другой классификации/Индекс ББК 38.01.02
084 Индекс другой классификации/Индекс ББК __
2 Источник индекса okso
a Индекс другой классификации/Индекс ББК 38.02.01
084 Индекс другой классификации/Индекс ББК __
2 Источник индекса okso
a Индекс другой классификации/Индекс ББК 43.01.05
100 Автор __
a Автор Качан Н.А.
q Полное имя Качан Наталья Алексеевна
u Дополнение Белгородский университет кооперации, экономики и права
245 Заглавие __
a Заглавие Технология выполнения работы по профессии «Кассир»
b Продолж. заглавия Учебное пособие
c Ответственность Белгородский университет кооперации, экономики и права
250 Сведения об издании __
g стереотип.
a Основные сведения об издании 2
260 Выходные данные __
a Место издания Москва
b Издательство ООО "Научно-издательский центр ИНФРА-М"
c Дата издания 2026
300 Физическое описание __
a Объем 307 с.
440 Серия __
a Серия Среднее профессиональное образование
520 Аннотация __
a Аннотация В учебном пособии рассматриваются вопросы организации и методики приема выдачи учета и хранения денежных средств и ценных бумаг в кассе организации расчетов с покупателями поставщиками заказчиками подотчетными лицами. Освещены вопросы работы с контрольно-кассовой техникой формирования отчетности о движении денежных средств а также ответственности за соблюдением порядка ведения кассовых операций. Содержание пособия соответствует требования ФГОС СПО последнего поколения. Для студентов учреждений среднего профессионального образования обучающихся по специальности 38.02.01 «Экономика и бухгалтерский учет (по отраслям)».
521 Примеч. о цел. назн. __
a Примеч. о целев. назн. Среднее профессиональное образование
650 Тематические рубрики __
a Основная рубрика Бизнес. Предпринимательство. Сервис
x Основная подрубрика Розничная торговля. Вендинг
655 Указ. предметных рубрик (устаревшее) __
a Жанр/ форма (устаревшее) Учебное пособие
856 Электронный адрес документа 4_
a Имя сервера/домена znanium.ru
m Помощь ebs_support@infra-m.ru
n Местонахождение сервера НИЦ ИНФРА-М
u URL https://znanium.ru/catalog/document?id=468120
856 Электронный адрес документа 48
a Имя сервера/домена znanium.ru
d Путь /cover/2220
f Электронное имя 2220967.jpg
q Тип электронного формата image/jpeg
u URL https://znanium.ru/cover/2220/2220967.jpg
911 __
u 0030=https://znanium.ru/catalog/document?id=468120